000 00526ntaaa2200193 4500
003 01
005 20251027202953.0
008 0714s1973 ag 01
040 _aAR-BaBN
_bspa
_cAR-BaBN
_eaacr
_dRIC
082 _a973.9230 J62
100 _aJohnson, Lyndon B
245 _aLa hora de la acción
250 _a1 ed.
260 _aBuenos Aires :
_bEditorial Indice,
_cc1964
300 _a147 p
500 _aDiscursos y escritos de Lyndon B Johnson entre 1953-1964
650 _aEsttados Unidos-historia
_930616
942 _cBK
999 _c25090
_d25090